Modern developments in the mechanics of continua
Gorde:
| Egile nagusia: | |
|---|---|
| Formatua: | Liburua |
| Hizkuntza: | ingelesa |
| Argitaratua: |
Nueva York
Academic Press
1966
|
| Gaiak: | |
| Etiketak: |
Etiketa erantsi
Etiketarik gabe, Izan zaitez lehena erregistro honi etiketa jartzen!
|
MARC
| LEADER | 00000nam a2200000 a 4500 | ||
|---|---|---|---|
| 001 | UCT4859 | ||
| 003 | CL-VaPUC | ||
| 008 | 961127e19660000US |||||||||||||||||eng|d | ||
| 082 | 0 | 4 | |a 531 |b ESK |2 21 |
| 100 | 0 | |a Eskinazi, Salamon |e author |9 374137 | |
| 245 | 1 | 0 | |a Modern developments in the mechanics of continua |
| 300 | |a 203 p | ||
| 942 | |c BK | ||
| 945 | |d 19961127 00:00:00 |a cmena | ||
| 260 | |a Nueva York |b Academic Press |c 1966 | ||
| 650 | 0 | |a Mecánica de fluidos |9 259464 | |
| 650 | 0 | |a Propagación de ondas |9 263256 | |
| 650 | 0 | |a Líquidos |9 260946 | |
| 650 | 0 | |a Ecuaciones |9 260137 | |
| 650 | 0 | |a Viscosidad |9 260583 | |
| 650 | 0 | |a Materia |9 265041 | |
| 650 | 0 | |a Física |9 227844 | |
| 583 | |a last modification |c 19961127 00:00:00 |k Rodrigo Vera | ||
| 999 | |c 253986 |d 253984 | ||